| 000 | 00690nam a2200241Ia 4500 | ||
|---|---|---|---|
| 003 | OSt | ||
| 005 | 20220925221710.0 | ||
| 006 | a|||||r|||| 00| 0 | ||
| 007 | ta | ||
| 008 | 220923b |||||||| |||| 00| 0 eng d | ||
| 020 |
_a0262611333 _c966.24000000000001 |
||
| 037 |
_b5130, 17/02/2005, Overseas _cGeneral Book |
||
| 040 |
_aRTL _cRTL _beng |
||
| 041 |
_2eng _aeng |
||
| 082 | _aX:54, N6 | ||
| 100 |
_aKRUGMAN Paul _929845 |
||
| 245 | 0 | _aPop internationalism. | |
| 260 |
_aLondon _bMIT Press _c1997 |
||
| 300 |
_axiv,220p _ccm. |
||
| 650 | _aForeign Trade | ||
| 942 |
_hX:54, N6 _cGB _2CC |
||
| 999 |
_c575099 _d575099 |
||